All Countries By Date of Joining UN With a Map - Statistics

General Stats
  • This quiz has been taken 1,028 times
  • The average score is 78 of 193
Answers on the Map
Answers color-coded by a green-red scale on the quiz's map according to % correct below.
 
Answer Stats
Date of Joining UN Country First Letter % Correct
24 October 1945 Argentina A
91%
24 October 1945 Brazil B
80%
24 October 1945 France F
80%
24 October 1945 United Kingdom U
78%
24 October 1945 United States U
78%
24 October 1945 Denmark D
77%
24 October 1945 China C
74%
24 October 1945 Haiti H
74%
24 October 1945 Chile C
73%
24 October 1945 Russia R
71%
24 October 1945 Dominican Republic D
69%
24 October 1945 Iran I
67%
24 October 1945 Egypt E
66%
24 October 1945 Turkey T
66%
1 November 1945 Australia A
64%
24 October 1945 Paraguay P
64%
24 October 1945 Poland P
64%
24 October 1945 Belarus B
63%
24 October 1945 Cuba C
63%
24 October 1945 El Salvador E
63%
30 October 1945 India I
63%
15 November 1945 Venezuela V
63%
30 September 1947 Yemen Y
63%
24 October 1945 New Zealand N
61%
24 October 1945 Luxembourg L
60%
31 October 1945 Peru P
60%
24 October 1945 Ukraine U
60%
18 December 1945 Uruguay U
60%
14 December 1955 Finland F
59%
17 December 1945 Honduras H
59%
25 October 1945 Greece G
58%
14 December 1955 Hungary H
58%
19 November 1946 Iceland I
58%
7 November 1945 Mexico M
58%
24 October 1945 Nicaragua N
58%
9 November 1945 Canada C
57%
14 December 1955 Jordan J
57%
27 November 1945 Norway N
57%
14 November 1945 Bolivia B
56%
5 November 1945 Colombia C
56%
20 September 1960 Democratic Republic Of The Congo D/C
56%
14 December 1955 Italy I
56%
18 December 1956 Japan J
56%
24 October 1945 Philippines P
56%
20 September 1960 Republic Of The Congo R/C
56%
14 December 1955 Ireland I
55%
14 July 2011 South Sudan S
55%
21 December 1945 Ecuador E
54%
21 December 1945 Iraq I
54%
24 October 1945 Lebanon L
53%
10 December 1945 Netherlands N
53%
19 November 1946 Sweden S
53%
27 December 1945 Belgium B
52%
13 November 1945 Ethiopia E
52%
28 September 1950 Indonesia I
52%
13 November 1945 Panama P
52%
21 November 1945 Guatemala G
51%
30 September 1947 Pakistan P
51%
14 December 1955 Romania R
51%
2 November 1945 Costa Rica C
50%
11 May 1949 Israel I
49%
14 December 1955 Portugal P
49%
24 October 1945 Saudi Arabia S
49%
14 December 1955 Spain S
49%
1 December 1964 Zambia Z
48%
19 November 1946 Afghanistan A
47%
14 December 1955 Austria A
47%
24 October 1945 Syria S
47%
17 September 1991 Federated States Of Micronesia F/M
46%
16 December 1946 Thailand T
46%
14 December 1955 Bulgaria B
45%
18 September 1962 Jamaica J
45%
2 March 1992 Kazakhstan K
45%
14 December 1955 Libya L
45%
7 November 1945 South Africa S
45%
21 September 1971 Qatar Q
44%
27 September 2002 East Timor E
43%
2 March 1992 Kyrgyzstan K
43%
14 December 1955 Laos L
43%
2 November 1945 Liberia L
43%
28 June 2006 Montenegro M
43%
14 December 1955 Albania A
42%
2 March 1992 Armenia A
42%
2 March 1992 Azerbaijan A
42%
7 October 1971 Oman O
42%
2 March 1992 Turkmenistan T
42%
2 March 1992 Uzbekistan U
42%
16 December 1963 Kenya K
41%
17 September 1991 Latvia L
41%
17 September 1991 Lithuania L
41%
2 March 1992 Tajikistan T
41%
25 October 1962 Uganda U
41%
25 August 1980 Zimbabwe Z
41%
17 September 1991 Estonia E
40%
20 September 1960 Ivory Coast I
39%
19 April 1948 Myanmar M
39%
18 September 1962 Rwanda R
39%
8 October 1962 Algeria A
38%
31 July 1992 Georgia G
38%
12 November 1956 Morocco M
38%
14 December 1955 Cambodia C
37%
20 September 1960 Niger N
37%
7 October 1960 Nigeria N
37%
14 September 1999 Kiribati K
36%
14 December 1955 Nepal N
36%
12 November 1956 Tunisia T
36%
22 May 1992 Bosnia And Herzegovina B
35%
20 September 1960 Cameroon C
35%
20 September 1960 Chad C
35%
22 May 1992 Croatia C
35%
28 September 1960 Mali M
35%
14 September 1999 Nauru N
35%
22 May 1992 Slovenia S
35%
9 December 1971 United Arab Emirates U
35%
20 September 1977 Vietnam V
35%
20 September 1960 Gabon G
34%
12 December 1958 Guinea G
34%
2 March 1992 Moldova M
34%
14 September 1999 Tonga T
34%
5 September 2000 Tuvalu T
34%
15 September 1981 Vanuatu V
34%
19 January 1993 Czech Republic C
33%
28 May 1993 Eritrea E
33%
13 October 1970 Fiji F
33%
8 March 1957 Ghana G
33%
15 December 1994 Palau P
33%
19 January 1993 Slovakia S
33%
20 September 1960 Benin B
32%
20 September 1960 Central African Republic C
32%
27 October 1961 Mauritania M
32%
20 September 1960 Burkina Faso B
31%
20 September 1960 Madagascar M
31%
12 November 1956 Sudan S
31%
14 December 1961 Tanzania T
31%
20 September 1960 Togo T
31%
14 May 1963 Kuwait K
30%
17 September 1957 Malaysia M
30%
28 September 1960 Senegal S
30%
1 November 2000 Serbia S
30%
18 September 1962 Burundi B
29%
27 October 1961 Mongolia M
29%
8 April 1993 North Macedonia N
29%
14 December 1955 Sri Lanka S
29%
10 September 2002 Switzerland S
29%
20 September 1960 Somalia S
28%
1 December 1964 Malawi M
27%
27 September 1961 Sierra Leone S
27%
21 September 1971 Bahrain B
26%
20 September 1977 Djibouti D
26%
18 September 1973 Germany G
26%
17 September 1974 Bangladesh B
25%
20 September 1960 Cyprus C
25%
18 December 1978 Dominica D
23%
17 October 1966 Botswana B
22%
20 September 1966 Guyana G
22%
17 September 1991 North Korea N
22%
28 May 1993 Andorra A
21%
1 December 1976 Angola A
21%
21 September 1971 Bhutan B
21%
21 September 1965 Gambia G
21%
17 September 1974 Guinea-Bissau G
21%
16 September 1975 Mozambique M
21%
10 October 1975 Papua New Guinea P
21%
17 September 1991 South Korea S
21%
18 September 1962 Trinidad And Tobago T
20%
25 September 1981 Belize B
19%
12 November 1968 Equatorial Guinea E
19%
24 September 1968 Eswatini E
19%
17 October 1966 Lesotho L
19%
1 December 1964 Malta M
19%
17 September 1991 Marshall Islands M
19%
23 April 1990 Namibia N
19%
18 September 1973 Bahamas B
18%
17 September 1974 Grenada G
18%
21 September 1965 Maldives M
18%
11 November 1981 Antigua And Barbuda A
17%
24 April 1968 Mauritius M
17%
23 September 1983 Saint Kitts And Nevis S
17%
4 December 1975 Suriname S
17%
9 December 1966 Barbados B
16%
28 May 1993 Monaco M
16%
21 September 1965 Singapore S
16%
16 September 1975 Cape Verde C
15%
12 November 1975 Comoros C
15%
18 September 1990 Liechtenstein L
15%
18 September 1979 Saint Lucia S
15%
16 September 1980 Saint Vincent And The Grenadines S
14%
2 March 1992 San Marino S
13%
16 September 1975 Sao Tome And Principe S
13%
21 September 1984 Brunei B
12%
15 December 1976 Samoa S
12%
21 September 1976 Seychelles S
12%
19 September 1978 Solomon Islands S
12%
No matching quizzes found
Score Distribution
Percent of People with Each Score
Percentile by Number Answered
Your Score History
You have not taken this quiz